Camille Cottin - Mort subite - Statistiques

Statistiques générales
  • Ce quiz a été pris 98 fois
  • Le résultat moyen est 4 sur 12
Answers on the Grid
Answers color-coded by a green-red scale on the quiz's grid according to % correct below.
House of Gucci
Larguées
Dalida
Barbie
Toni en famille
Les gazelles
Chambre 212
Le mystère Henri Pick
Qu'est ce qu'on a fait au bon Dieu ?
Sous les jupes des filles
Le brio
Icare
Deux moi
On ment toujours à ceux qu'on aime
Les crevettes pailletées
Monsieur Aznavour
Les gorilles
Stillwater
Mon légionnaire
Trois amies
 
Statistiques - réponses
Réponse % Correct
House of Gucci
74%
Toni en famille
61%
Larguées
49%
Les gazelles
46%
Stillwater
38%
Trois amies
38%
Le mystère Henri Pick
31%
Chambre 212
22%
Deux moi
21%
Mon légionnaire
21%
Icare
8%
Les gorilles
8%
Aucun quiz correspondant
Distribution des résultats
% des personnes avec chaque résultat
Percentile par nombre de réponses
Votre historique - résultats
Vous n’avez pas pris ce quiz